[Event "15th European Club Cup Women"]
[Site "Plovdiv BUL"]
[Date "2010.10.17"]
[Round "1"]
[White "Koneru, Humpy"]
[Black "Kononenko, Tatiana"]
[Result "1-0"]
[WhiteTitle "GM"]
[BlackTitle "IM"]
[WhiteElo "2593"]
[BlackElo "2384"]
[Board "1.1"]
[WhiteTeam "Cercle d'Echecs de Monte Carlo"]
[BlackTeam "USV Volksbank Halle"]
[WhiteFideId "5008123"]
[BlackFideId "14102358"]
[EventDate "2010.10.17"]
[EventType "team"]

1. d4 d5 2. c4 c6 3. e3 Nf6 4. Nc3 a6 5. Qc2 b5 6. b3 e6 7. Nf3 Nbd7 8. Be2 Bd6
9. O-O O-O 10. e4 dxe4 11. Nxe4 Be7 12. Bf4 Nxe4 13. Qxe4 Bb7 14. Rfd1 Rc8 15.
a4 Nf6 16. Qb1 b4 17. Ne5 a5 18. Bf3 Qb6 19. Qc2 Rfd8 20. c5 Qa7 21. Nc4 Nd5 22.
Be5 Rf8 23. Re1 Rcd8 24. Rad1 Bc8 25. Rd3 f6 26. Bd6 Bxd6 27. Nxd6 Bd7 28. Be4
f5 29. Bf3 Qc7 30. h4 Rf6 31. Rd2 Bc8 32. Rde2 Bd7 33. Qc4 Ra8 34. Re5 Raf8 35.
Qa6 Rb8 36. Nc4 Bc8 37. Qxa5 Qb7 38. Bxd5 cxd5 39. Nb6 Qc6 40. Qxb4 Ba6 41. Qa5
Bc8 42. Qb5 Qc7 43. a5 f4 44. f3 h6 45. Qe2 Rf8 46. b4 Qd8 47. h5 Bd7 48. b5 Be8
49. Rxe6 Bxh5 50. Re7 Bf7 51. Nd7 Qxa5 52. Nxb8 Rxb8 53. Rxf7 Kxf7 54. Qe6+ Kf8
55. Qd6+ 1-0

[Event "15th European Club Cup Women"]
[Site "Plovdiv BUL"]
[Date "2010.10.17"]
[Round "1"]
[White "Sharevich, Anna"]
[Black "Muzychuk, Anna"]
[Result "0-1"]
[WhiteTitle "WGM"]
[BlackTitle "IM"]
[WhiteElo "2283"]
[BlackElo "2535"]
[Board "1.2"]
[WhiteTeam "USV Volksbank Halle"]
[BlackTeam "Cercle d'Echecs de Monte Carlo"]
[WhiteFideId "13503189"]
[BlackFideId "14111330"]
[EventDate "2010.10.17"]
[EventType "team"]

1. d4 f5 2. Nf3 Nf6 3. Bf4 g6 4. c4 Bg7 5. Nc3 d6 6. e3 O-O 7. h3 Ne4 8. Be2 Nc6
9. Bh2 e5 10. O-O exd4 11. exd4 Nxc3 12. bxc3 f4 13. Qd2 Qf6 14. Rab1 b6 15. Bd3
Na5 16. Qc2 Bf5 17. Nd2 Bxd3 18. Qxd3 c5 19. Ne4 Qf5 20. dxc5 dxc5 21. Qd5+ Qxd5
22. cxd5 Rad8 23. Rbd1 h6 24. g3 Be5 25. gxf4 Bxf4 26. Bxf4 Rxf4 27. Rfe1 Nc4
28. Kg2 Kf7 29. Ng3 Nd6 30. Re3 Rd7 31. Rf3 Rf6 32. a4 Re7 33. Re3 Nc4 34. Rxe7+
Kxe7 35. Re1+ Kd7 36. Re4 Nd6 37. Rh4 g5 38. Rg4 Nf7 39. Nh5 Rf5 40. c4 Ne5 41.
Re4 Nd3 42. f3 Re5 43. Nf6+ Kd6 44. Ne8+ Ke7 45. Nc7 Kd7 46. Nb5 a6 47. Nc3 Rxe4
48. Nxe4 a5 49. Nf6+ Kd6 50. Ng4 h5 51. Ne3 h4 52. Nf5+ Ke5 53. Ne7 Nb2 54. f4+
gxf4 55. Ng6+ Kd6 56. Nxf4 Nxa4 57. Nd3 Nc3 58. Ne1 a4 59. Nc2 b5 60. cxb5 Nxb5 0-1

[Event "15th European Club Cup Women"]
[Site "Plovdiv BUL"]
[Date "2010.10.17"]
[Round "1"]
[White "Cramling, Pia"]
[Black "Straub, Natalia"]
[Result "1-0"]
[WhiteTitle "GM"]
[BlackTitle "WGM"]
[WhiteElo "2509"]
[BlackElo "2224"]
[Board "1.3"]
[WhiteTeam "Cercle d'Echecs de Monte Carlo"]
[BlackTeam "USV Volksbank Halle"]
[WhiteFideId "1700030"]
[BlackFideId "14102757"]
[EventDate "2010.10.17"]
[EventType "team"]

1. d4 Nf6 2. Nf3 g6 3. c4 Bg7 4. Nc3 O-O 5. e4 d6 6. h3 e5 7. d5 Na6 8. Bg5 h6
9. Be3 Nc5 10. Nd2 a5 11. Be2 Bd7 12. Rb1 Ne8 13. g4 f5 14. exf5 gxf5 15. Rg1
fxg4 16. hxg4 c6 17. Nde4 cxd5 18. Qxd5+ Be6 19. Qd2 Nxe4 20. Nxe4 d5 21. cxd5
Qxd5 22. Qxd5 Bxd5 23. Nc3 Be6 24. Rd1 Nf6 25. Rd6 Kf7 26. g5 hxg5 27. Rxg5 Bh6
28. Rxe5 Bxe3 29. fxe3 Rfe8 30. Rexe6 Rxe6 31. Bc4 Re8 32. Rb6 Ng4 33. Ne4 1-0

[Event "15th European Club Cup Women"]
[Site "Plovdiv BUL"]
[Date "2010.10.17"]
[Round "1"]
[White "Borsuk, Angela"]
[Black "Lahno, Kateryna"]
[Result "1/2-1/2"]
[WhiteTitle "IM"]
[BlackTitle "GM"]
[WhiteElo "2270"]
[BlackElo "2539"]
[Board "2.1"]
[WhiteTeam "Ashdod Elite CC"]
[BlackTeam "AVS"]
[WhiteFideId "2806452"]
[BlackFideId "14109336"]
[EventDate "2010.10.17"]
[EventType "team"]

1. Nf3 Nf6 2. g3 g6 3. Bg2 Bg7 4. O-O O-O 5. d3 d5 6. Nbd2 c5 7. Nb3 d4 8. Bd2
Na6 9. Qc1 Nd5 10. h3 Re8 11. c4 dxc3 12. bxc3 Rb8 13. Rb1 b6 14. e4 Ndc7 15. d4
Bb7 16. Re1 cxd4 17. cxd4 Nb5 18. Qb2 Nd6 19. Bf4 Bxe4 20. Rbc1 Nc5 21. Nxc5
bxc5 22. Qd2 Bxf3 23. Bxf3 Bxd4 24. Bc6 Rf8 25. Bh6 Rb2 26. Rc2 Rxc2 27. Qxc2
Qa5 28. Rxe7 Rb8 29. Qe2 c4 30. Be8 Qd8 31. Bxf7+ Nxf7 32. Qe6 Qxe7 33. Qxe7
Nxh6 34. Qd6 Rb1+ 35. Kg2 Bb6 36. Qe6+ Nf7 37. Qc8+ Kg7 38. Qxc4 Rd1 39. Qc3+
Bd4 40. Qc2 Ra1 41. g4 g5 42. Qd2 Bf6 43. Qa5 Rd1 44. Qxa7 Rd4 45. a4 Rf4 46.
Qd7 Bd4 47. f3 Kg6 48. a5 Ne5 49. Qe6+ Kg7 50. Qe7+ Kg6 51. Qe6+ Kg7 52. Qe7+
Kg6 53. Qe6+ 1/2-1/2

[Event "15th European Club Cup Women"]
[Site "Plovdiv BUL"]
[Date "2010.10.17"]
[Round "1"]
[White "Pogonina, Natalija"]
[Black "Vasiliev, Olga"]
[Result "1/2-1/2"]
[WhiteTitle "WGM"]
[BlackTitle "WIM"]
[WhiteElo "2491"]
[BlackElo "2293"]
[Board "2.2"]
[WhiteTeam "AVS"]
[BlackTeam "Ashdod Elite CC"]
[WhiteFideId "4147855"]
[BlackFideId "2807602"]
[EventDate "2010.10.17"]
[EventType "team"]

1. e4 c5 2. Nf3 Nc6 3. d4 cxd4 4. Nxd4 e5 5. Nb5 d6 6. a4 Be6 7. N1c3 a6 8. Na3
Be7 9. Bc4 Nf6 10. Bg5 O-O 11. Bxf6 Bxf6 12. O-O Rc8 13. Nd5 Bg5 14. c3 Kh8 15.
Qe2 Ne7 16. Rad1 Bd7 17. a5 Qxa5 18. Qh5 h6 19. Nxe7 Bxe7 20. Bxf7 Qc7 21. Rd3
Bg5 22. Rf3 Bc6 23. Re1 Qe7 24. g3 Bf6 25. Bb3 Bg5 26. Nc2 a5 27. h4 Rxf3 28.
Qxf3 Rf8 29. Qg2 Bf6 30. Ne3 Qc7 31. Bd5 Qb6 32. Re2 Bd8 33. Rd2 Qc5 34. Qh3 Bb6
35. Qg4 Be8 36. Kg2 Qc7 37. Qe2 Bc5 38. Nf5 g6 39. Ne3 h5 40. Rd3 Bb5 41. c4 Bd7
42. Qd2 Kg7 43. Nd1 Bc8 44. Qg5 Qd7 45. Ne3 Qh3+ 46. Kg1 Rf6 47. g4 Bxe3 48.
Rxe3 Qxg4+ 49. Qxg4 Bxg4 50. Kg2 Rf4 51. Bxb7 Be6 52. Bd5 Bxd5 53. cxd5 Rxh4 54.
f3 Rf4 55. Ra3 g5 56. Rxa5 g4 57. fxg4 hxg4 58. Ra6 Rxe4 59. Rxd6 Re3 60. Re6
Kf7 61. b4 Rb3 1/2-1/2

[Event "15th European Club Cup Women"]
[Site "Plovdiv BUL"]
[Date "2010.10.17"]
[Round "1"]
[White "Tsifanskaya, Ludmila A"]
[Black "Muzychuk, Mariya"]
[Result "0-1"]
[WhiteTitle "WIM"]
[BlackTitle "IM"]
[WhiteElo "2143"]
[BlackElo "2464"]
[Board "2.3"]
[WhiteTeam "Ashdod Elite CC"]
[BlackTeam "AVS"]
[WhiteFideId "2802368"]
[BlackFideId "14114550"]
[EventDate "2010.10.17"]
[EventType "team"]

1. Nf3 f5 2. g3 Nf6 3. Bg2 g6 4. O-O Bg7 5. d3 d6 6. Nc3 e5 7. e4 fxe4 8. Nxe4
Nxe4 9. dxe4 O-O 10. c3 h6 11. h4 Be6 12. Nh2 Qd7 13. Be3 Nc6 14. h5 g5 15. Bf3
Rad8 16. Bg4 Ne7 17. Bxe6+ Qxe6 18. Qb3 Qxb3 19. axb3 a6 20. Rfd1 Kf7 21. Rd2
Ke6 22. Rad1 Rd7 23. Ng4 Rfd8 24. f4 gxf4 25. gxf4 exf4 26. Bxf4 Ng8 27. c4 Rf7
28. Be3 Re8 29. c5 dxc5 30. Bxc5 Rf4 31. Nf2 Nf6 32. Bd4 Rg8 33. Nd3 Bf8+ 34.
Rg2 Rfg4 35. Nf4+ 0-1

[Event "15th European Club Cup Women"]
[Site "Plovdiv BUL"]
[Date "2010.10.17"]
[Round "1"]
[White "Savina, Anastasia"]
[Black "Dotan, Valeria"]
[Result "1-0"]
[WhiteTitle "WGM"]
[BlackTitle "WFM"]
[WhiteElo "2404"]
[BlackElo "2104"]
[Board "2.4"]
[WhiteTeam "AVS"]
[BlackTeam "Ashdod Elite CC"]
[WhiteFideId "4196872"]
[BlackFideId "2803607"]
[EventDate "2010.10.17"]
[EventType "team"]

1. d4 Nf6 2. c4 e6 3. Nc3 Bb4 4. Qc2 c5 5. dxc5 Na6 6. a3 Bxc3+ 7. Qxc3 Nxc5 8.
b4 Na4 9. Qc2 Nb6 10. e4 d6 11. Bg5 Bd7 12. Bd3 Rc8 13. Qe2 O-O 14. c5 h6 15.
Bh4 g5 16. cxb6 gxh4 17. bxa7 Qb6 18. Nf3 e5 19. Nxh4 Rc3 20. O-O Qxa7 21. Qd2
Rfc8 22. Qxh6 Ne8 23. Be2 Rxa3 24. Qg5+ Kf8 25. Nf5 Bxf5 26. Qxf5 Rxa1 27. Qxc8
Rxf1+ 28. Bxf1 Qb6 29. b5 Ke7 30. h4 Nf6 31. Qc4 Nh5 32. Qc3 Nf6 33. Qc4 Nh5 34.
Qc1 Nf6 35. Qc2 Nh5 36. Kh2 Nf6 37. Kg1 Nh5 38. Qd1 Nf6 39. Qd3 Qc5 40. g3 b6
41. Kg2 d5 42. exd5 Qxd5+ 43. Qxd5 Nxd5 44. g4 Nc3 45. Kf3 Kf6 46. Bc4 Kg7 47.
Ke3 Nd1+ 48. Ke2 Nb2 49. Bd5 Na4 50. Kd3 Nc5+ 51. Kc4 Kf6 52. f3 Ke7 53. Be4 Kd6
54. h5 1-0

[Event "15th European Club Cup Women"]
[Site "Plovdiv BUL"]
[Date "2010.10.17"]
[Round "1"]
[White "Cmilyte, Viktorija"]
[Black "Fierro Baquero, Martha L."]
[Result "1/2-1/2"]
[WhiteTitle "GM"]
[BlackTitle "IM"]
[WhiteElo "2513"]
[BlackElo "2368"]
[Board "3.1"]
[WhiteTeam "SPb Chess Club"]
[BlackTeam "CS Fischer Chieti"]
[WhiteFideId "12801259"]
[BlackFideId "3600270"]
[EventDate "2010.10.17"]
[EventType "team"]

1. d4 Nf6 2. c4 g6 3. g3 Bg7 4. Bg2 O-O 5. Nf3 d6 6. O-O Nc6 7. Nc3 Bf5 8. Ne1
Na5 9. e4 Bg4 10. f3 Bd7 11. b3 c5 12. Nc2 Nc6 13. Be3 cxd4 14. Nxd4 Nxd4 15.
Bxd4 Qa5 16. Qd3 Bc6 17. Nd5 Bxd5 18. cxd5 Rfc8 19. Bh3 Rc7 20. Rfc1 Ne8 21.
Bxg7 Kxg7 22. Rxc7 Nxc7 23. Rc1 Qb6+ 24. Kg2 Kg8 25. Rc4 a5 26. Qd2 Na6 27. Qh6
Qd8 28. e5 Qf8 29. Qe3 dxe5 30. Qxe5 Qd8 31. Rh4 Nc7 32. Rd4 Qd6 33. Qxd6 exd6
34. Kf2 Re8 35. f4 Na6 36. Rd3 Re7 37. Rc3 Nb4 38. Rc8+ Kg7 39. Rd8 Nxd5 40.
Rxd6 Nc3 41. Rb6 Nxa2 42. Bg2 Nc3 1/2-1/2

[Event "15th European Club Cup Women"]
[Site "Plovdiv BUL"]
[Date "2010.10.17"]
[Round "1"]
[White "Zimina, Olga"]
[Black "Socko, Monika"]
[Result "1/2-1/2"]
[WhiteTitle "IM"]
[BlackTitle "GM"]
[WhiteElo "2334"]
[BlackElo "2486"]
[Board "3.2"]
[WhiteTeam "CS Fischer Chieti"]
[BlackTeam "SPb Chess Club"]
[WhiteFideId "4132190"]
[BlackFideId "1106619"]
[EventDate "2010.10.17"]
[EventType "team"]

1. e4 e6 2. d4 d5 3. Nd2 Nf6 4. e5 Nfd7 5. Bd3 c5 6. c3 b6 7. Ne2 Ba6 8. Bxa6
Nxa6 9. O-O Nc7 10. Nf3 c4 11. Ng3 Be7 12. Nh5 O-O 13. Bf4 f5 14. exf6 Nxf6 15.
Nxf6+ Rxf6 16. Bg3 Rf5 17. Ne5 Bd6 18. Qe2 Qe8 19. Qe3 Rd8 20. Rae1 b5 21. a3 a5
22. Ra1 Ra8 23. Nxc4 Bxg3 24. Qxg3 bxc4 25. Qxc7 Qb5 26. Rae1 Qxb2 27. Qc6 Rff8
28. Qxe6+ Kh8 29. Qxd5 Qxa3 30. Re3 Rac8 31. Rg3 Rc7 32. Qe4 Re7 33. Qc6 Qa2 34.
Rf3 Rg8 35. Qc5 Ree8 36. Rh3 h6 37. Qc6 Re7 38. Rf3 Rge8 39. h3 a4 40. d5 Rd8
41. Rf4 a3 42. Qxc4 Qb2 43. Qb4 Rb7 44. Qxb2 axb2 45. Rb1 Rxd5 46. Rb4 Rc7 47.
R1xb2 Rxc3 48. Re2 Rc7 49. h4 h5 50. Rb8+ Kh7 51. Rf8 Rcd7 52. Ree8 Kg6 53. g3
R5d6 54. Re5 Rd5 55. Re6+ Kh7 56. Kg2 R5d6 57. Ree8 Rd5 58. Rh8+ Kg6 59. Re4 Rd8
60. Rxd8 Rxd8 61. Re5 Rd3 62. f4 Kh6 63. f5 Ra3 64. Kf2 Kh7 65. Re3 Ra5 66. Rf3
Kg8 67. Ke3 Ra4 68. Rf1 1/2-1/2

[Event "15th European Club Cup Women"]
[Site "Plovdiv BUL"]
[Date "2010.10.17"]
[Round "1"]
[White "Atalik, Ekaterina"]
[Black "De Rosa, Mariagrazia"]
[Result "1-0"]
[WhiteTitle "IM"]
[BlackTitle "WFM"]
[WhiteElo "2447"]
[BlackElo "2073"]
[Board "3.3"]
[WhiteTeam "SPb Chess Club"]
[BlackTeam "CS Fischer Chieti"]
[WhiteFideId "4130189"]
[BlackFideId "815136"]
[EventDate "2010.10.17"]
[EventType "team"]

1. d4 d5 2. c4 dxc4 3. e4 Nf6 4. e5 Nd5 5. Bxc4 Nb6 6. Bd3 Nc6 7. Be3 Nb4 8. Be4
f5 9. exf6 exf6 10. Nc3 f5 11. Bb1 N4d5 12. Nf3 Bd6 13. O-O Nxc3 14. bxc3 Be6
15. Ng5 Qd7 16. Nxe6 Qxe6 17. a4 Nd5 18. Bd2 O-O-O 19. Qf3 Ne7 20. Re1 Qf6 21.
a5 a6 22. Ba2 Rhf8 23. Be6+ Kb8 24. Rab1 c6 25. Qd3 Ka7 26. c4 Bc7 27. d5 cxd5
28. cxd5 Qh4 29. Rxb7+ Kxb7 30. Rb1+ Ka7 31. Be3+ 1-0

[Event "15th European Club Cup Women"]
[Site "Plovdiv BUL"]
[Date "2010.10.17"]
[Round "1"]
[White "Di Primio, Eugenia"]
[Black "Bodnaruk, Anastasia"]
[Result "0-1"]
[BlackTitle "IM"]
[WhiteElo "1984"]
[BlackElo "2399"]
[Board "3.4"]
[WhiteTeam "CS Fischer Chieti"]
[BlackTeam "SPb Chess Club"]
[WhiteFideId "821942"]
[BlackFideId "4181751"]
[EventDate "2010.10.17"]
[EventType "team"]

1. e4 c5 2. Nc3 d6 3. f4 Nc6 4. Nf3 g6 5. Bb5 Bg7 6. Bxc6+ bxc6 7. d3 Nf6 8. O-O
O-O 9. Qe1 Rb8 10. Rb1 Ne8 11. b3 Nc7 12. Nd1 f6 13. Ne3 f5 14. exf5 Bxf5 15.
Nxf5 Rxf5 16. Nh4 Rf8 17. Bb2 Bxb2 18. Rxb2 e6 19. g3 Qf6 20. Rb1 Nb5 21. Qe3
Nc3 22. Rbe1 Rbe8 23. a4 Nd5 24. Qd2 Ne7 25. Nf3 Nf5 26. Ng5 h6 27. Ne4 Qd8 28.
Rf2 Kg7 29. Qc3+ Kh7 30. g4 Nd4 31. g5 hxg5 32. Nxg5+ Kg8 33. Qd2 e5 34. fxe5
Rxf2 35. Kxf2 dxe5 36. h4 Rf8+ 37. Kg3 Qf6 38. Qe3 Nf5+ 0-1

[Event "15th European Club Cup Women"]
[Site "Plovdiv BUL"]
[Date "2010.10.17"]
[Round "1"]
[White "Nikolova, Adriana"]
[Black "Javakhishvili, Lela"]
[Result "1-0"]
[WhiteTitle "WIM"]
[BlackTitle "IM"]
[WhiteElo "2295"]
[BlackElo "2451"]
[Board "4.1"]
[WhiteTeam "Lokomotiv 2000"]
[BlackTeam "Samaia Tbilisi"]
[WhiteFideId "2908689"]
[BlackFideId "13601458"]
[EventDate "2010.10.17"]
[EventType "team"]

1. e4 e5 2. Nf3 Nc6 3. Bb5 a6 4. Ba4 Nf6 5. O-O Be7 6. Re1 b5 7. Bb3 O-O 8. h3
d6 9. c3 Na5 10. Bc2 c5 11. d4 Qc7 12. Nbd2 Re8 13. Nf1 h6 14. Ng3 Bf8 15. b3
cxd4 16. cxd4 Nc6 17. Bb2 Bd7 18. Rc1 Qb7 19. Bb1 a5 20. Nh4 g6 21. d5 Na7 22.
f4 Bg7 23. fxe5 dxe5 24. Qd3 b4 25. Nf3 Qb6+ 26. Kh2 Nh7 27. Nd2 Nb5 28. Nc4 Qb8
29. Re2 h5 30. Kh1 Nf6 31. Rf2 h4 32. Rcf1 Nc3 33. Bxc3 hxg3 34. Bxe5 Rxe5 35.
Rxf6 Bxf6 36. Rxf6 Rh5 37. e5 Rxe5 38. Qf1 Be8 39. d6 Re6 40. Rxe6 fxe6 41. Qe1
a4 42. Qxg3 axb3 43. Bxg6 bxa2 44. Be4+ Kf8 45. Qf4+ Bf7 46. Qh6+ Kg8 47. Bh7+ 1-0

[Event "15th European Club Cup Women"]
[Site "Plovdiv BUL"]
[Date "2010.10.17"]
[Round "1"]
[White "Melia, Salome"]
[Black "Videnova, Iva"]
[Result "1-0"]
[WhiteTitle "IM"]
[BlackTitle "WIM"]
[WhiteElo "2439"]
[BlackElo "2283"]
[Board "4.2"]
[WhiteTeam "Samaia Tbilisi"]
[BlackTeam "Lokomotiv 2000"]
[WhiteFideId "13602446"]
[BlackFideId "2907763"]
[EventDate "2010.10.17"]
[EventType "team"]

1. e4 c5 2. Nf3 d6 3. d4 Nf6 4. Nc3 cxd4 5. Nxd4 g6 6. Be3 Bg7 7. f3 Nc6 8. Qd2
O-O 9. O-O-O d5 10. Nxc6 bxc6 11. Bh6 Be6 12. e5 Nd7 13. h4 Nxe5 14. h5 Nc4 15.
Bxc4 dxc4 16. Qg5 f6 17. Qe3 Bxh6 18. Qxh6 Qe8 19. hxg6 Qxg6 20. Qxg6+ hxg6 21.
Rde1 Bf7 22. Rxe7 Rfe8 23. Rhe1 Kf8 24. Rxe8+ Rxe8 25. Rxe8+ Kxe8 26. Kd2 Ke7
27. Ke3 g5 28. Ne4 Bd5 29. Kd4 Ke6 30. Nc3 Kd6 31. Nxd5 cxd5 32. b3 cxb3 33.
cxb3 Kc6 34. a3 f5 35. g3 a6 36. f4 gxf4 37. gxf4 a5 38. b4 1-0

[Event "15th European Club Cup Women"]
[Site "Plovdiv BUL"]
[Date "2010.10.17"]
[Round "1"]
[White "Sirkova, Darena"]
[Black "Khurtsidze, Nino"]
[Result "1/2-1/2"]
[BlackTitle "IM"]
[WhiteElo "2094"]
[BlackElo "2435"]
[Board "4.3"]
[WhiteTeam "Lokomotiv 2000"]
[BlackTeam "Samaia Tbilisi"]
[WhiteFideId "2910560"]
[BlackFideId "13600320"]
[EventDate "2010.10.17"]
[EventType "team"]

1. e4 c6 2. d4 d5 3. exd5 cxd5 4. c3 Nc6 5. Bf4 Bf5 6. Nf3 e6 7. Nbd2 Bd6 8.
Bxd6 Qxd6 9. Nh4 Bg6 10. Nxg6 hxg6 11. Nf3 Nf6 12. Bd3 O-O-O 13. Qe2 Qc7 14. g3
Kb8 15. O-O Rh5 16. h4 e5 17. dxe5 Nxe5 18. Ng5 Neg4 19. Rae1 Rhh8 20. Bb5 a6
21. Ba4 Qa5 22. Qd1 Qc7 23. Qe2 Nh6 24. Qe7 Qa5 25. b3 Rhf8 26. c4 dxc4 27. Re5
Nd5 28. bxc4 Nxe7 29. Rxa5 Rd4 30. Rb1 Ka7 31. Re5 Nef5 32. Rc5 b5 33. Bb3 Kb6
34. Re5 Ng4 35. Re4 Rxe4 36. Nxe4 Re8 37. Nc3 Nd6 38. cxb5 axb5 39. Nxb5 Nxb5
40. Bxf7 Re4 41. Bxg6 Ra4 42. Bd3 Rxa2 43. Rxb5+ Kc6 44. Rf5 Kd6 45. Rf4 Ne5 46.
Bf1 Ke7 47. h5 Rb2 48. Kg2 Nd7 1/2-1/2

[Event "15th European Club Cup Women"]
[Site "Plovdiv BUL"]
[Date "2010.10.17"]
[Round "1"]
[White "Khotenashvili, Bela"]
[Black "Janeva, Mariya"]
[Result "1-0"]
[WhiteTitle "IM"]
[WhiteElo "2464"]
[BlackElo "2042"]
[Board "4.4"]
[WhiteTeam "Samaia Tbilisi"]
[BlackTeam "Lokomotiv 2000"]
[WhiteFideId "13602640"]
[BlackFideId "2906554"]
[EventDate "2010.10.17"]
[EventType "team"]

1. d4 Nf6 2. c4 e6 3. Nf3 Bb4+ 4. Nbd2 b6 5. a3 Bxd2+ 6. Qxd2 Bb7 7. e3 d6 8.
Be2 Nbd7 9. O-O Qe7 10. b4 c5 11. Bb2 O-O 12. Rfd1 d5 13. dxc5 bxc5 14. cxd5
Bxd5 15. b5 Rfd8 16. Qc3 Qf8 17. Nd2 Rab8 18. a4 Rdc8 19. f3 e5 20. e4 Be6 21.
Bc4 Rb6 22. Qa5 Rd6 23. Bxe6 Rxe6 24. Nc4 Qe7 25. Qxa7 Qd8 26. Nxe5 Ra8 27. Rxd7
Nxd7 28. Qxd7 Qxd7 29. Nxd7 c4 30. b6 Rd6 31. b7 Rd8 32. b8=Q 1-0

[Event "15th European Club Cup Women"]
[Site "Plovdiv BUL"]
[Date "2010.10.17"]
[Round "1"]
[White "Danielian, Elina"]
[Black "Botvinnik, Irina"]
[Result "1-0"]
[WhiteTitle "IM"]
[BlackTitle "WFM"]
[WhiteElo "2466"]
[BlackElo "2216"]
[Board "5.1"]
[WhiteTeam "MIKA Yerevan"]
[BlackTeam "Herzliya Chess Club"]
[WhiteFideId "13300210"]
[BlackFideId "2806088"]
[EventDate "2010.10.17"]
[EventType "team"]

1. d4 d5 2. Nf3 Nf6 3. c4 dxc4 4. e3 e6 5. Bxc4 c5 6. O-O a6 7. Bb3 b5 8. a4 b4
9. Nbd2 Bb7 10. e4 Be7 11. e5 Nfd7 12. Nc4 O-O 13. Bc2 Re8 14. Bf4 Nf8 15. a5
Ng6 16. Bxg6 hxg6 17. Nb6 Ra7 18. dxc5 Qxd1 19. Rfxd1 Bxc5 20. Rac1 Bf8 21. Be3
Bc6 22. Nd4 Bb5 23. Rd2 Rb7 24. Rdc2 Bd3 25. Rc8 Rxc8 26. Rxc8 Nd7 27. Rd8 Nxe5
28. Nf3 Nxf3+ 29. gxf3 Bb5 30. Bc5 Rc7 31. Rxf8+ Kh7 32. Rc8 1-0

[Event "15th European Club Cup Women"]
[Site "Plovdiv BUL"]
[Date "2010.10.17"]
[Round "1"]
[White "Len, Irina"]
[Black "Harika, Dronavalli"]
[Result "0-1"]
[BlackTitle "IM"]
[WhiteElo "2065"]
[BlackElo "2515"]
[Board "5.2"]
[WhiteTeam "Herzliya Chess Club"]
[BlackTeam "MIKA Yerevan"]
[WhiteFideId "2805715"]
[BlackFideId "5015197"]
[EventDate "2010.10.17"]
[EventType "team"]

1. d4 Nf6 2. c4 c5 3. d5 e5 4. Nc3 d6 5. e4 Nbd7 6. Nge2 h5 7. f3 h4 8. Bg5 Be7
9. Qd2 a6 10. Nc1 Nf8 11. Be3 Ng6 12. Be2 Nh5 13. Nd3 Ngf4 14. Rg1 g5 15. O-O-O
Bd7 16. g3 Nxe2+ 17. Nxe2 b5 18. f4 bxc4 19. Nxe5 dxe5 20. fxe5 hxg3 21. hxg3
Bg4 22. d6 Bf8 23. Bxg5 Qxg5 24. Qxg5 Bh6 25. Qxh6 Rxh6 26. Rd2 Bxe2 27. Rxe2
Ng7 28. Rc2 Rh5 29. Rxc4 Rxe5 30. Rh1 Ne6 31. Rh8+ Nf8 32. b4 cxb4 33. Rc7 Rd8
34. d7+ Ke7 35. Rc8 Rxd7 36. Rhxf8 Kf6 37. Rc6+ Kg7 38. Ra8 a5 39. Kc2 Rd4 40.
Rca6 Rc5+ 41. Kb1 Rd1+ 42. Kb2 Rd2+ 43. Kb1 Rh5 44. Rc8 Rh1+ 45. Rc1 Rxc1+ 46.
Kxc1 Rxa2 47. g4 b3 48. Kb1 f6 49. Rb6 Ra4 50. Rb5 Rxe4 51. g5 a4 52. gxf6+ Kxf6
53. Kb2 Ke6 54. Ka3 Kd6 55. Rh5 Kc6 56. Rg5 Re1 57. Rh5 Ra1+ 58. Kb2 Ra2+ 59.
Kb1 Kb6 60. Rg5 Rh2 61. Rf5 Rc2 62. Rh5 Rc5 63. Rh8 Ka5 64. Rb8 Rb5 65. Ra8+ Kb4
66. Kb2 Rb6 67. Ra7 Rb8 68. Ra6 Rh8 69. Rb6+ Kc5 70. Rb7 Rh2+ 71. Kb1 Kc4 72.
Rb8 Kc3 73. Rc8+ Kb4 74. Rc1 a3 75. Rg1 a2+ 0-1

[Event "15th European Club Cup Women"]
[Site "Plovdiv BUL"]
[Date "2010.10.17"]
[Round "1"]
[White "Mkrtchian, Lilit"]
[Black "Yakovleva, Tatiana"]
[Result "1-0"]
[WhiteTitle "IM"]
[WhiteElo "2484"]
[BlackElo "2124"]
[Board "5.3"]
[WhiteTeam "MIKA Yerevan"]
[BlackTeam "Herzliya Chess Club"]
[WhiteFideId "13300601"]
[BlackFideId "2802449"]
[EventDate "2010.10.17"]
[EventType "team"]

1. d4 Nf6 2. c4 e6 3. Nc3 d5 4. cxd5 exd5 5. Bg5 Be7 6. e3 O-O 7. Bd3 c6 8. Qc2
h6 9. Bf4 Bd6 10. Bxd6 Qxd6 11. Nf3 Be6 12. O-O Nbd7 13. b4 b5 14. a4 a6 15.
Rfb1 Nb6 16. h3 Nc4 17. Qa2 Rab8 18. axb5 axb5 19. Qa7 Nd7 20. e4 Ndb6 21. e5
Qd8 22. Qa2 Ra8 23. Qb3 Qd7 24. Ne2 Bf5 25. Ng3 Bxd3 26. Qxd3 Rxa1 27. Rxa1 Na4
28. Nh4 Qe6 29. Nh5 Qe7 30. Nf6+ gxf6 31. Nf5 Qxb4 32. Qg3+ Kh7 33. Qg7# 1-0

[Event "15th European Club Cup Women"]
[Site "Plovdiv BUL"]
[Date "2010.10.17"]
[Round "1"]
[White "Lian, Marina"]
[Black "Galojan, Lilit"]
[Result "0-1"]
[BlackTitle "IM"]
[WhiteElo "1865"]
[BlackElo "2373"]
[Board "5.4"]
[WhiteTeam "Herzliya Chess Club"]
[BlackTeam "MIKA Yerevan"]
[WhiteFideId "2809680"]
[BlackFideId "13301314"]
[EventDate "2010.10.17"]
[EventType "team"]

1. e4 c5 2. Nc3 Nc6 3. f4 g6 4. Nf3 Bg7 5. Bc4 e6 6. d3 Nge7 7. O-O d5 8. Bb3
O-O 9. Qe1 a6 10. a3 b5 11. Qh4 c4 12. Ba2 Bb7 13. f5 gxf5 14. Bg5 fxe4 15. dxe4
d4 16. Ne2 f6 17. Bh6 Ng6 18. Qh3 Bxh6 19. Qxh6 Qe7 20. b3 d3 21. Nf4 Nxf4 22.
Qxf4 dxc2 23. bxc4 bxc4 24. Kh1 Na5 25. Nd4 Kh8 26. Nxc2 Rad8 27. Rae1 Rd3 28.
Re3 e5 29. Qh4 Rxe3 30. Nxe3 Qxa3 31. Qh6 Bxe4 32. Nxc4 Nxc4 33. Bxc4 a5 34. h3
Qe7 35. Ra1 Ra8 36. Rf1 Qg7 37. Qd2 a4 38. Ra1 Bc6 39. Ra3 f5 40. Qf2 f4 41. Bf1
Qe7 42. Qb2 Rd8 43. Kh2 Rg8 44. Rc3 Rg6 45. Qb8+ Kg7 46. Rc2 Qd6 47. Qa7+ Kh6
48. Qf2 Qe7 49. Qe1 a3 50. Qc1 Qd6 51. Ra2 Rg3 0-1